000
00323nam a2200133Ia 4500
003
OSt
008
191201s2012 xx 000 0 und d
100
_a
DARVAS, Nicolas
245
0
_a
How I made $2 Million in the Stock Market
260
_a
N. Delhi
_b
Vision Books
_c
2012
300
_a
208
650
_a
NCFM
942
_2
ddc
_c
BK
999
_c
6672
_d
6672